00385nam a2200133Ia 4500008004100000020001500041041001200056082001600068100001300084245010000097260003100197300000800228650001500236221030s9999 xx 000 0 und d a8126501391 aEnglish a105.23bAgn aM. Agnes 0aWebster`s New World Dictionary & Thesaurus : A Unique two-in-one Laguage Referencecby M. Agnes bIDG BooksaNew Delhic2000 a734 aDictionary